[Event "Frankfurt Ch 2009"]
[Site "Ffm-Kalbach, LAZ"]
[Date "2009.05.04"]
[Round "2.27"]
[White "Waschke, Thomas"]
[Black "Rosa, Mike"]
[Result "0-1"]
[WhiteElo "1584"]
[BlackElo "2119"]
[PlyCount "110"]
[EventDate "2009.??.??"]
[WhiteTeam "SC Bergen-Enkheim 1922"]
[BlackTeam "Chess Tigers SFV"]

1. e4 c5 2. Nf3 e6 3. d4 cxd4 4. Nxd4 a6 5. Nc3 Qc7 6. a3 Nf6 7. g3 b5 8. Bg2
Bb7 9. O-O Bc5 10. Nb3 Be7 11. Re1 d6 12. Be3 O-O 13. Qe2 Nc6 14. Rad1 Ne5 15.
Nd2 Neg4 16. Bf4 e5 17. Bg5 h6 18. Bxf6 Nxf6 19. Nb3 Rac8 20. Bh3 Rcd8 21. Nd5
Nxd5 22. exd5 Bc8 23. Bxc8 Rxc8 24. c3 f5 25. f4 Bf6 26. fxe5 dxe5 27. Qh5 Qc4
28. Na5 Qc5+ 29. Kh1 f4 30. gxf4 exf4 31. Rg1 Qe3 32. Rde1 Qd2 33. Nc6 Rf7 34.
Re2 Qd3 35. Rge1 g6 36. Ne5 Qxd5+ 37. Qf3 Qxf3+ 38. Nxf3 Rc6 39. h4 Kg7 40. Re6
Rfc7 41. Kg2 Kf7 42. Rxc6 Rxc6 43. Ne5+ Bxe5 44. Rxe5 Kf6 45. Rd5 Ke6 46. Rd4
Ke5 47. Kf3 g5 48. hxg5 hxg5 49. Kg4 Rf6 50. Rd3 Rd6 51. Rf3 Rd2 52. b4 Rg2+
53. Kh3 Rg3+ 54. Rxg3 fxg3 55. Kxg3 Kd5 0-1

[Event "Frankfurt Ch 2009"]
[Site "Ffm-Kalbach, LAZ"]
[Date "2009.05.04"]
[Round "2.28"]
[White "Marzahn, Heiko"]
[Black "Genis, Roy"]
[Result "1-0"]
[WhiteElo "1985"]
[BlackElo "1937"]
[PlyCount "116"]
[EventDate "2009.??.??"]
[WhiteTeam "Sfr.Erbach"]
[BlackTeam "SG 1945 Dietzenbach"]

1. e4 e5 2. Nf3 Nc6 3. Bb5 f5 4. d3 fxe4 5. dxe4 Nf6 6. O-O d6 7. Qd3 Be7 8.
Qc4 Bd7 9. Ba4 Na5 10. Qb4 b6 11. Bxd7+ Qxd7 12. Rd1 Qc6 13. Nc3 a6 14. Bd2 Qc4
15. Qxc4 Nxc4 16. b3 Nxd2 17. Rxd2 h6 18. Nd5 Nxd5 19. Rxd5 O-O 20. Ne1 a5 21.
a4 Bh4 22. Rd2 Rf7 23. Nd3 Raf8 24. Rad1 Bg5 25. Re2 Bh4 26. g3 Bg5 27. Kg2 h5
28. h4 Be7 29. Nb2 g5 30. hxg5 Bxg5 31. Rh1 Rh7 32. Nc4 h4 33. Na3 Rf6 34. Nb5
Rg6 35. Kf1 Rgh6 36. Kg2 Rg7 37. Rh3 Bf4 38. Nxc7 Rhg6 39. Nd5 hxg3 40. f3 Rb7
41. c4 Kf7 42. Re1 Ke6 43. Reh1 Rgg7 44. Rh8 Bd2 45. R1h3 Be1 46. Ne3 Kd7 47.
Nf5 Rf7 48. R3h6 Bb4 49. Kxg3 Kc6 50. Kf2 Rfd7 51. Ke3 Ba3 52. Kd3 Kc5 53. Rc8+
Kb4 54. Kc2 b5 55. axb5 a4 56. bxa4 Rdc7 57. Rxc7 Rxc7 58. Nxd6 Kxa4 1-0

[Event "Frankfurt Ch 2009"]
[Site "Ffm-Kalbach, LAZ"]
[Date "2009.05.04"]
[Round "2.29"]
[White "Syed, Tareq"]
[Black "Hillgaertner, Walter"]
[Result "1/2-1/2"]
[WhiteElo "2118"]
[BlackElo "1976"]
[PlyCount "81"]
[EventDate "2009.??.??"]
[WhiteTeam "SC Brett vor'm Kopp Ffm"]
[BlackTeam "SC Bad Nauheim"]

1. e4 c5 2. d3 Nc6 3. g3 g6 4. Bg2 Bg7 5. f4 e6 6. Nh3 d6 7. Nf2 Nge7 8. c3 Rb8
9. g4 f5 10. O-O Bd7 11. Be3 O-O 12. Nd2 Be8 13. Nf3 h6 14. Qd2 Bf7 15. gxf5
exf5 16. Nh1 Qa5 17. e5 Rbd8 18. Qf2 b6 19. d4 cxd4 20. cxd4 d5 21. Ng3 Rc8 22.
Rfc1 Qa6 23. Bf1 Qb7 24. Qe2 Be6 25. Qa6 Qa8 26. Qa3 Rcd8 27. Rc2 Rf7 28. Rac1
Bf8 29. b3 a5 30. Qb2 Nb4 31. Rc3 Rc8 32. a3 Na6 33. Bb5 Rxc3 34. Rxc3 Qb7 35.
Qe2 Nc7 36. Bd3 Nc8 37. Qb2 Na7 38. a4 Na6 39. Rc1 Nb4 40. Bb1 Rc7 41. h4
1/2-1/2

[Event "Frankfurt Ch 2009"]
[Site "Ffm-Kalbach, LAZ"]
[Date "2009.05.04"]
[Round "2.30"]
[White "Fröhlich-Dill, Astrid"]
[Black "Richter, Tobias"]
[Result "0-1"]
[WhiteElo "1976"]
[BlackElo "2099"]
[PlyCount "56"]
[EventDate "2009.??.??"]
[WhiteTeam "SV 1920 Hofheim"]
[BlackTeam "SV Merseburg e. V."]

1. d4 g6 2. c4 Bg7 3. e4 d6 4. Nc3 Nc6 5. Be3 e5 6. d5 Nce7 7. Bd3 Nh6 8. f3 f5
9. Qd2 Nf7 10. g3 O-O 11. h4 f4 12. gxf4 exf4 13. Bf2 Ne5 14. Bf1 c5 15. Rc1
Bd7 16. Nce2 Bh6 17. Qc3 Bg7 18. Qd2 b5 19. Nxf4 bxc4 20. Ne6 Bxe6 21. dxe6 Rb8
22. Rc2 N7c6 23. f4 Nd3+ 24. Bxd3 cxd3 25. e7 Qxe7 26. Qxd3 Nb4 27. Qc4+ d5 28.
Qxc5 Nd3+ 0-1

[Event "Frankfurt Ch 2009"]
[Site "Ffm-Kalbach, LAZ"]
[Date "2009.05.04"]
[Round "2.31"]
[White "Perlitz, Sven"]
[Black "Minor, Dieter"]
[Result "1-0"]
[WhiteElo "2152"]
[BlackElo "1848"]
[PlyCount "105"]
[EventDate "2009.??.??"]
[WhiteTeam "SC 1961 König Nied"]
[BlackTeam "SV Wiesbaden 1885"]

1. e4 e6 2. d4 d5 3. Nd2 c5 4. exd5 exd5 5. Bb5+ Nc6 6. Qe2+ Qe7 7. dxc5 Qxe2+
8. Nxe2 Bxc5 9. Nb3 Bb6 10. Bf4 Nge7 11. Bd6 a6 12. Bd3 O-O 13. O-O Re8 14. Nf4
Rd8 15. Bc5 Bc7 16. Ne2 Bg4 17. Ned4 Bd6 18. Bb6 Re8 19. Rfe1 Ng6 20. f3 Bd7
21. Nc5 Bxc5 22. Bxc5 Nce5 23. Bf1 Nc4 24. b3 Nce5 25. Re3 Rac8 26. Bb6 Nc6 27.
Rxe8+ Rxe8 28. Rd1 Nxd4 29. Rxd4 Be6 30. f4 Ne7 31. Rd2 Rc8 32. Be2 Kf8 33. g4
f6 34. Kf2 Rc6 35. Bd4 Ke8 36. Bf3 h6 37. Bb2 Rc7 38. Ba3 g5 39. f5 Bf7 40. Bb2
Ng8 41. Ke3 Kf8 42. Kd4 Ne7 43. Ba3 Kg7 44. Bxe7 Rxe7 45. Kc5 Re3 46. Bxd5 Bxd5
47. Kxd5 h5 48. gxh5 Re5+ 49. Kd6 Rxf5 50. Kc7 Rb5 51. c4 Rb4 52. Rb2 b5 53. a3
1-0

[Event "Frankfurt Ch 2009"]
[Site "Ffm-Kalbach, LAZ"]
[Date "2009.05.04"]
[Round "2.32"]
[White "Rutkowski, Jörg"]
[Black "Moranda, Katarzyna"]
[Result "1-0"]
[WhiteElo "2072"]
[BlackElo "1841"]
[PlyCount "27"]
[EventDate "2009.??.??"]
[WhiteTeam "SC Frankfurt-West"]
[BlackTeam "vereinslos"]

1. d4 d5 2. c4 Nf6 3. cxd5 Qxd5 4. Nc3 Qa5 5. Nf3 Ne4 6. Bf4 e6 7. Qc2 Bb4 8.
Rc1 Nxc3 9. bxc3 Ba3 10. Bxc7 Qa6 11. Rb1 Bd7 12. e3 Qc6 13. Bg3 Bc8 14. Bb5
1-0

[Event "Frankfurt Ch 2009"]
[Site "Ffm-Kalbach, LAZ"]
[Date "2009.05.04"]
[Round "2.33"]
[White "Graebner, Walter"]
[Black "Abrahamyan, Arsen"]
[Result "1-0"]
[WhiteElo "2053"]
[BlackElo "1415"]
[PlyCount "87"]
[EventDate "2009.??.??"]
[WhiteTeam "SC 1961 König Nied"]
[BlackTeam "Frankfurter TV 1860"]

1. d4 Nf6 2. Nf3 d6 3. g3 Nbd7 4. Bg2 e5 5. dxe5 dxe5 6. O-O g6 7. Nc3 Bg7 8.
e4 O-O 9. Qe2 Qe7 10. Bg5 c6 11. Rad1 Qb4 12. Bc1 Qb6 13. b3 Re8 14. Rd3 Nf8
15. Rfd1 Bg4 16. h3 Be6 17. Ba3 N8d7 18. Ng5 Nc5 19. Bxc5 Qxc5 20. Na4 Qa5 21.
Nxe6 Rxe6 22. c3 Ree8 23. Qc2 Rad8 24. b4 Qc7 25. Nb2 b5 26. c4 Qb6 27. a3 Rc8
28. Rd6 a5 29. Qc3 a4 30. Nd3 Nxe4 31. Bxe4 f5 32. Nc5 fxe4 33. Nxe4 Red8 34.
Qd3 Rxd6 35. Qxd6 Rf8 36. Qe6+ Kh8 37. Rd7 bxc4 38. Qe7 Rg8 39. Nf6 Qb8 40.
Nxg8 Qxg8 41. Rd8 c3 42. Rxg8+ Kxg8 43. Qe8+ Bf8 44. Qxc6 1-0

[Event "Frankfurt Ch 2009"]
[Site "Ffm-Kalbach, LAZ"]
[Date "2009.05.04"]
[Round "2.34"]
[White "Steiz, Johann"]
[Black "Klyszcz, Michael"]
[Result "0-1"]
[WhiteElo "1497"]
[BlackElo "2056"]
[PlyCount "58"]
[EventDate "2009.??.??"]
[WhiteTeam "ESV Grossenbaum e.V. 1973"]
[BlackTeam "SC Heusenstamm"]

1. e4 d6 2. d4 g6 3. Nc3 Bg7 4. f3 Nd7 5. Be3 e5 6. Qd2 a6 7. Nh3 Ne7 8. Bh6
O-O 9. O-O-O b5 10. Bxg7 Kxg7 11. dxe5 Nxe5 12. f4 N5c6 13. g3 Bg4 14. Re1 Qd7
15. Nf2 Bf3 16. Bh3 Qd8 17. Rhf1 d5 18. Nxd5 Nxd5 19. exd5 Qxd5 20. Qc3+ Nd4
21. Nd3 Rad8 22. Nb4 Qh5 23. Bc8 c5 24. Re5 Qxe5 25. fxe5 Ne2+ 26. Kb1 Nxc3+
27. bxc3 cxb4 28. Rxf3 Rxc8 29. cxb4 Rc4 0-1

[Event "Frankfurt Ch 2009"]
[Site "Ffm-Kalbach, LAZ"]
[Date "2009.05.04"]
[Round "2.35"]
[White "Escher, Helmut"]
[Black "Schramm, Christian"]
[Result "0-1"]
[WhiteElo "2127"]
[BlackElo "2307"]
[PlyCount "0"]
[EventDate "2009.??.??"]
[WhiteTeam "SV Oberursel"]
[BlackTeam "SC 1959 Obernau"]

 1. Nf3 e6 2. d4 c5 3. c3 Nf6 4. Bg5 Qb6 5. Qb3 Qxb3 6. axb3 Ne4 7. Bf4 cxd4 8.
Nxd4 Bd6 9. Bxd6 Nxd6 10. Nd2 Nc6 11. e3 b6 12. Nc4 Nxc4 13. Bxc4 Nxd4 14. exd4
Bb7 15. f3 a5 16. Kf2 Ke7 17. Rhe1 Kd6 18. Bd3 f5 19. c4 g5 20. Re5 h5 21. Rb5
Kc7 22. Be2 Rhb8 23. Re5 h4 24. h3 Bc6 25. Bd3 Kd6 26. Rae1 a4 27. d5 exd5 28.
Rxf5 a3 29. bxa3 Rxa3 30. cxd5 Bxd5 31. Bc4 Bxc4 32. bxc4 Ra2+ 33. Kg1 Ra5 34.
Rd1+ Kc6 35. Rf6+ Kc5 36. Rxd7 Kxc4 37. f4 Kc3 38. Rdd6 b5 39. fxg5 b4 40. g6
b3 41. Rc6+ Kd4 42. Rb6 Rxb6 43. Rxb6 Kc3 44. Kf2 Rf5+ 45. Ke3 Rg5 46. Kf2 b2
47. Rc6+ Kd2 48. Rd6+ Kc2 49. Rc6+ Kb1 50. Ra6 Rg3 51. Rc6 Ka2 52. Ra6+ Kb3 53.
Rb6+ Kc2 54. Rc6+ Kd2 55. Rb6 Kc3 56. Rc6+ Kd2 57. Rd6+ Kc1 58. Rc6+ Kb1 59.
Ra6 Rc3 60. g7 Rc8 61. Kf3 Kc2 62. Rb6 b1=Q 63. Rxb1 Kxb1 64. Kg4 Rg8 65. Kxh4
Rxg7 66. g4 Kc2 67. g5 Kd3 68. Kg4 Ke4 69. h4 Ke5 70. h5 Ke6 71. h6 Ra7 72. g6
Kf6 73. g7 Ra8 74. Kh5 Rb8 75. Kg4 Kg6 0-1

[Event "Frankfurt Ch 2009"]
[Site "Ffm-Kalbach, LAZ"]
[Date "2009.05.04"]
[Round "2.36"]
[White "Mager, Denis"]
[Black "Holzschuh, Gerald"]
[Result "0-1"]
[WhiteElo "1467"]
[BlackElo "2150"]
[PlyCount "86"]
[EventDate "2009.??.??"]
[WhiteTeam "TuS Makkabi Ffm"]
[BlackTeam "SC Bad Nauheim"]

1. Nf3 Nf6 2. c4 g6 3. Nc3 d5 4. e3 Bg7 5. d4 O-O 6. Qb3 c6 7. Bd2 a6 8. a4 b6
9. Be2 e6 10. Qb4 Re8 11. O-O Bf8 12. Qb3 Nbd7 13. h3 Rb8 14. Qa2 dxc4 15. Bxc4
b5 16. Bb3 c5 17. axb5 axb5 18. Bc2 Bb7 19. dxc5 Bxf3 20. gxf3 Nxc5 21. Ne4
Nfxe4 22. Ba5 Qg5+ 23. Kh2 Bd6+ 24. f4 b4 25. b3 Nd2 26. Kh1 Qd5+ 27. Kg1 Nf3+
28. Kh1 Nd2+ 29. Kg1 Nxf1 30. Rxf1 Ra8 31. Rd1 Qc6 32. Qb2 Rxa5 33. Qd4 Bf8 34.
Rc1 Nxb3 35. Qd1 Nxc1 36. Qxc1 Ra2 37. Qf1 Rxc2 38. h4 b3 39. Qb1 b2 40. Qxb2
Rxb2 41. Kh2 Qf3 42. Kg1 Rb1+ 43. Kh2 Rh1# 0-1

[Event "Frankfurt Ch 2009"]
[Site "Ffm-Kalbach, LAZ"]
[Date "2009.05.04"]
[Round "2.37"]
[White "Reschke, Stefan"]
[Black "Becker, Günter"]
[Result "1-0"]
[WhiteElo "2375"]
[BlackElo "1811"]
[PlyCount "79"]
[EventDate "2009.??.??"]
[WhiteTeam "VSG 1880 Offenbach"]
[BlackTeam "SC Steinbach"]

1. d4 c6 2. c4 g6 3. e4 Bg7 4. Nc3 d5 5. exd5 cxd5 6. cxd5 Nf6 7. Bb5+ Bd7 8.
Bc4 O-O 9. Qb3 Bc8 10. Nge2 Nbd7 11. O-O Nb6 12. Bf4 Nxc4 13. Qxc4 b6 14. d6
exd6 15. Qc6 Ba6 16. Qxd6 Nh5 17. Qxd8 Rfxd8 18. Be3 f5 19. g3 Nf6 20. Rfe1
Rac8 21. Rac1 Ng4 22. h3 Nf6 23. Nf4 Rd6 24. d5 Nd7 25. Red1 Ne5 26. Ne6 Bf6
27. Bf4 Rd7 28. Bxe5 Bxe5 29. h4 Bb7 30. Nd4 Rcd8 31. Nc6 Bxc6 32. dxc6 Rxd1+
33. Nxd1 Kf7 34. b4 b5 35. Ne3 Ke7 36. Rc5 Bd4 37. Rxb5 Kd6 38. Rd5+ Kc7 39.
Rxd8 Kxd8 40. Nd5 1-0

[Event "Frankfurt Ch 2009"]
[Site "Ffm-Kalbach, LAZ"]
[Date "2009.05.04"]
[Round "2.38"]
[White "Diaz, Joaquin"]
[Black "Smith-Meyer, Geir"]
[Result "1-0"]
[WhiteElo "2162"]
[BlackElo "1627"]
[PlyCount "67"]
[EventDate "2009.??.??"]
[WhiteTeam "SV Griesheim(DA)"]
[BlackTeam "SC Bad Soden"]

1. e4 d5 2. exd5 Qxd5 3. Nc3 Qa5 4. d4 c6 5. Bc4 Nf6 6. Nf3 Bf5 7. Bd2 Qc7 8.
Ne5 e6 9. Qe2 Bd6 10. O-O-O Nbd7 11. g4 Bg6 12. Nxg6 hxg6 13. g5 Nd5 14. Nxd5
cxd5 15. Bxd5 O-O-O 16. Be4 Nb6 17. Kb1 Bxh2 18. Bc1 Bf4 19. Rxh8 Rxh8 20. Rd3
Kb8 21. Rc3 Qd6 22. Qf3 Bxc1 23. Qxf7 Nd5 24. Rb3 b6 25. Kxc1 Rf8 26. Qxg7 Qf4+
27. Kb1 Qxf2 28. Qe5+ Nc7 29. a3 Qf4 30. Rf3 Qxf3 31. Bxf3 Rxf3 32. Qf6 Rxf6
33. gxf6 e5 34. d5 1-0

[Event "Frankfurt Ch 2009"]
[Site "Ffm-Kalbach, LAZ"]
[Date "2009.05.04"]
[Round "2.39"]
[White "Kreiling, Carsten"]
[Black "Aadland, Hans Joachim"]
[Result "0-1"]
[WhiteElo "2114"]
[BlackElo "1493"]
[PlyCount "72"]
[EventDate "2009.??.??"]
[WhiteTeam "SVG Eppstein 1932"]
[BlackTeam "SC Bergen-Enkheim 1922"]

1. d4 Nf6 2. c4 Nc6 3. Nc3 e5 4. d5 Ne7 5. g3 Ng6 6. Bg2 Bc5 7. Nf3 d6 8. O-O
a6 9. Bg5 h6 10. Bxf6 gxf6 11. e4 f5 12. exf5 Bxf5 13. Qe2 Bd7 14. Rad1 f5 15.
Nd4 Bxd4 16. Rxd4 Qe7 17. Rdd1 f4 18. c5 h5 19. Be4 Qg7 20. Kh1 fxg3 21. fxg3
Ke7 22. Qe3 Rag8 23. Qg5+ Ke8 24. cxd6 cxd6 25. Rf6 Nf8 26. Qxg7 Rxg7 27. Rdf1
Ke7 28. R6f2 Nh7 29. Bxh7 Rgxh7 30. Rf6 Rh6 31. Rf7+ Ke8 32. h4 Rg6 33. Ne4 Bb5
34. R1f2 Bd3 35. Ng5 Bc4 36. Rxb7 Bxd5+ 0-1

[Event "Frankfurt Ch 2009"]
[Site "Ffm-Kalbach, LAZ"]
[Date "2009.05.04"]
[Round "2.40"]
[White "Wolff, Juergen"]
[Black "Kolker, Vladislav"]
[Result "0-1"]
[WhiteElo "1693"]
[BlackElo "2100"]
[PlyCount "86"]
[EventDate "2009.??.??"]
[WhiteTeam "SC 1933 Somborn"]
[BlackTeam "Sfr.1891 Friedberg"]

1. e4 c5 2. Nf3 d6 3. d4 cxd4 4. Nxd4 Nf6 5. Nc3 a6 6. Bc4 e6 7. Bb3 Be7 8. f4
O-O 9. f5 e5 10. Nf3 b5 11. O-O Bb7 12. Qe2 Nbd7 13. Rd1 Qc7 14. Nd5 Nxd5 15.
exd5 Nc5 16. g4 Rac8 17. c3 Nxb3 18. axb3 Qd7 19. Qe4 g6 20. Bh6 Rfe8 21. Rd2
Bf8 22. Bxf8 Rxf8 23. f6 h6 24. Rf1 Rc5 25. Nh4 Kh7 26. Rf3 a5 27. c4 Rfc8 28.
g5 bxc4 29. Nxg6 fxg6 30. f7 Rf8 31. Rf6 Qxf7 32. Rxf7+ Rxf7 33. gxh6 cxb3 34.
Qh4 Bxd5 35. Rxd5 Rxd5 36. Qc4 Rd1+ 37. Kg2 Rdf1 38. Qd5 R7f2+ 39. Kg3 Rf6 40.
Qxa5 Rg1+ 41. Kh3 Rf3+ 42. Kh4 g5+ 43. Kh5 Rh3# 0-1

[Event "Frankfurt Ch 2009"]
[Site "Ffm-Kalbach, LAZ"]
[Date "2009.05.04"]
[Round "2.41"]
[White "Pauly, Markus"]
[Black "Schlosser, Sebastian"]
[Result "1-0"]
[WhiteElo "1883"]
[BlackElo "1402"]
[PlyCount "121"]
[EventDate "2009.??.??"]
[WhiteTeam "Köspr.Bernkastel"]
[BlackTeam "SK Kolbermoor"]

1. c4 Nf6 2. Nc3 e6 3. e4 d5 4. e5 d4 5. exf6 dxc3 6. bxc3 Qxf6 7. d4 c5 8. Nf3
Qd8 9. Be2 Be7 10. O-O O-O 11. Rb1 Nd7 12. Qc2 Qc7 13. Be3 b6 14. Rfd1 Rd8 15.
Ng5 Bxg5 16. Bxg5 f6 17. Bh4 Bb7 18. Bg3 e5 19. d5 Qd6 20. Qe4 Nf8 21. Bd3 Re8
22. h4 Bc8 23. Re1 Bd7 24. h5 Re7 25. f4 Rae8 26. fxe5 fxe5 27. Rf1 Qh6 28. Bh4
Rf7 29. Rxf7 Kxf7 30. Rf1+ Kg8 31. Qf3 Qf4 32. Qxf4 exf4 33. Rxf4 Re3 34. Rf3
Rxf3 35. gxf3 g6 36. Be7 gxh5 37. Bxf8 Kxf8 38. Bxh7 Kf7 39. Kf2 h4 40. Be4 Kf6
41. f4 a6 42. Bd3 b5 43. cxb5 axb5 44. a3 Ke7 45. Kf3 Kf6 46. c4 bxc4 47. Bxc4
Ke7 48. Ke4 Kf6 49. Bf1 Bg4 50. a4 h3 51. a5 h2 52. Bg2 Bh3 53. Bh1 Bf1 54. f5
Bb5 55. Kf4 c4 56. d6 c3 57. Ke3 Kf7 58. Bd5+ Ke8 59. f6 Bc4 60. f7+ Kf8 61. d7
1-0

[Event "Frankfurt Ch 2009"]
[Site "Ffm-Kalbach, LAZ"]
[Date "2009.05.04"]
[Round "2.42"]
[White "Czikuß, Hans-Joachim"]
[Black "Boxberger, Alexander"]
[Result "1/2-1/2"]
[WhiteElo "1972"]
[BlackElo "1392"]
[PlyCount "40"]
[EventDate "2009.??.??"]
[WhiteTeam "Sfr. Frankfurt 1921"]
[BlackTeam "SK 1858 Gießen"]

1. Nf3 d5 2. c4 dxc4 3. g3 c6 4. Bg2 Nf6 5. Qc2 g6 6. Qxc4 Bg7 7. O-O O-O 8. d4
Nbd7 9. Nc3 Nb6 10. Qb3 Bg4 11. Rd1 Nfd5 12. Nxd5 Qxd5 13. Qxd5 cxd5 14. b3
Rfc8 15. h3 Bf5 16. Ba3 Bf6 17. Rac1 Be4 18. e3 e6 19. g4 Rxc1 20. Rxc1 Rc8
1/2-1/2

[Event "Frankfurt Ch 2009"]
[Site "Ffm-Kalbach, LAZ"]
[Date "2009.05.04"]
[Round "2.43"]
[White "Sallwey, Rainer"]
[Black "Winand, Edgar"]
[Result "0-1"]
[WhiteElo "1570"]
[BlackElo "2055"]
[PlyCount "86"]
[EventDate "2009.??.??"]
[WhiteTeam "SK Langen"]
[BlackTeam "SV Oberursel"]

1. d4 d6 2. Nf3 g6 3. e3 Bg7 4. Bd3 Nc6 5. c3 e5 6. d5 Nce7 7. e4 h6 8. O-O f5
9. Nbd2 f4 10. Ne1 g5 11. Be2 Nf6 12. Bh5+ Kf8 13. h3 Bd7 14. Be2 h5 15. f3 Kf7
16. Kf2 Neg8 17. Rh1 Nh6 18. Kg1 g4 19. h4 g3 20. c4 a5 21. Nd3 Ne8 22. Nf1 Bf6
23. Qc2 Bxh4 24. c5 Ng7 25. Nxf4 exf4 26. Bxf4 Qf6 27. Bd2 Ng4 28. Bc3 Ne5 29.
cxd6 cxd6 30. Bxe5 dxe5 31. Qc7 Qd8 32. d6 Qxc7 33. dxc7 Bg5 34. Nxg3 Be3+ 35.
Kf1 h4 36. Rd1 Ke7 37. Nf5+ Nxf5 38. exf5 Bxf5 39. Bb5 Bd4 40. b3 Rac8 41. f4
Rxc7 42. Bc4 Rc5 43. fxe5 Bxe5 0-1

[Event "Frankfurt Ch 2009"]
[Site "Ffm-Kalbach, LAZ"]
[Date "2009.05.04"]
[Round "2.46"]
[White "Bagatsch, Thomas"]
[Black "Riha, Peter"]
[Result "0-1"]
[WhiteElo "2123"]
[BlackElo "1815"]
[PlyCount "33"]
[EventDate "2009.??.??"]
[WhiteTeam "SC Brett vor'm Kopp Ffm"]
[BlackTeam "SC Bergen-Enkheim 1922"]

1. e4 e5 2. Nf3 Nc6 3. Nc3 Nf6 4. Nxe5 Nxe5 5. d4 Ng6 6. e5 Ng8 7. Bc4 Bb4 8.
Qf3 Bxc3+ 9. bxc3 Qe7 10. O-O Rb8 11. a4 b6 12. Ba3 c5 13. Qg3 Rb7 14. f4 Qh4
15. Qf3 Nh6 16. f5 Nf8 17. e6 0-1

[Event "Frankfurt Ch 2009"]
[Site "Ffm-Kalbach, LAZ"]
[Date "2009.05.04"]
[Round "2.47"]
[White "Kohlmeyer, Klaus"]
[Black "Barten, Stephan"]
[Result "0-1"]
[WhiteElo "1813"]
[BlackElo "1987"]
[PlyCount "48"]
[EventDate "2009.??.??"]
[WhiteTeam "Sfr. Braunfels e.V."]
[BlackTeam "Sfr. Frankfurt 1921"]

1. f4 d5 2. Nf3 Nf6 3. e3 g6 4. Nc3 Bg7 5. Be2 O-O 6. O-O c5 7. d3 Nc6 8. Qe1
a6 9. Qh4 b5 10. e4 dxe4 11. dxe4 Nd4 12. e5 Nxe2+ 13. Nxe2 Ne4 14. Be3 Qc7 15.
f5 Bxf5 16. g4 Be6 17. Ng3 Nxg3 18. hxg3 f6 19. Kg2 Rf7 20. Rh1 Bh8 21. Rad1
Qc6 22. exf6 Bxf6 23. g5 Bxg5 24. Qxg5 Qxf3+ 0-1

[Event "Frankfurt Ch 2009"]
[Site "Ffm-Kalbach, LAZ"]
[Date "2009.05.04"]
[Round "2.48"]
[White "Ebertz, Michael"]
[Black "Krüger, Till"]
[Result "0-1"]
[WhiteElo "1587"]
[BlackElo "2063"]
[PlyCount "104"]
[EventDate "2009.??.??"]
[WhiteTeam "SC 1952 Obertshausen"]
[BlackTeam "SC Nidderau"]

1. e4 g6 2. d4 Bg7 3. Nc3 c6 4. Be3 d5 5. exd5 cxd5 6. Bb5+ Bd7 7. Bxd7+ Qxd7
8. Nf3 Nc6 9. O-O e6 10. Bf4 Nge7 11. Ne5 Nxe5 12. Bxe5 f6 13. Bf4 Nf5 14. Re1
Kf7 15. Qd3 Rac8 16. Nb5 a6 17. Na3 b5 18. c3 Rhe8 19. Nc2 Bf8 20. Ne3 Nd6 21.
Bxd6 Bxd6 22. Re2 Rc6 23. a3 Rb8 24. Rae1 a5 25. Ng4 Bc7 26. Qh3 h5 27. Ne3 Kg7
28. Nf1 Re8 29. g3 b4 30. axb4 axb4 31. cxb4 Bb6 32. Nd2 Bxd4 33. Nb3 Ba7 34.
Nc5 Bxc5 35. bxc5 f5 36. g4 hxg4 37. Qc3+ d4 38. Qc4 Kf6 39. b4 e5 40. b5 Rce6
41. Ra2 e4 42. b6 d3 43. Qc3+ Kg5 44. Ra7 Qc8 45. b7 Qc7 46. Qb4 Rh8 47. Qd2+
f4 48. Ra8 e3 49. Qxd3 exf2+ 50. Kxf2 Rxh2+ 51. Kg1 Rxe1+ 52. Kxh2 f3+ 0-1

[Event "Frankfurt Ch 2009"]
[Site "Ffm-Kalbach, LAZ"]
[Date "2009.05.04"]
[Round "2.49"]
[White "Thomele, Michael"]
[Black "Cipca, Adrian"]
[Result "1/2-1/2"]
[WhiteElo "1885"]
[BlackElo "1577"]
[PlyCount "73"]
[EventDate "2009.??.??"]
[WhiteTeam "SC 1959 Obernau"]
[BlackTeam "SK Bad Homburg 1927"]

1. e4 c5 2. Nf3 d6 3. d4 cxd4 4. Nxd4 Nf6 5. Nc3 g6 6. Be3 Nc6 7. Be2 Bg7 8.
Qd2 O-O 9. f3 Nxd4 10. Bxd4 Be6 11. h4 h5 12. Nd5 Bxd5 13. exd5 Qd7 14. O-O-O
Rfc8 15. Kb1 a6 16. g4 hxg4 17. fxg4 b5 18. g5 Ne4 19. Qe3 e5 20. dxe6 Qxe6 21.
Bxg7 Nc3+ 22. Qxc3 Rxc3 23. Bxc3 Qxe2 24. Rxd6 b4 25. Bf6 Rc8 26. Rd8+ Rxd8 27.
Bxd8 Kf8 28. Bf6 Ke8 29. Rc1 Kd7 30. c3 bxc3 31. Rxc3 Qe4+ 32. Kc1 Qxh4 33. Kc2
Qe4+ 34. Kc1 Qe1+ 35. Kc2 Qe4+ 36. Kb3 Qd5+ 37. Kc2 1/2-1/2

[Event "Frankfurt Ch 2009"]
[Site "Ffm-Kalbach, LAZ"]
[Date "2009.05.04"]
[Round "2.50"]
[White "Schellen, Sven"]
[Black "Goldt, Rainer"]
[Result "0-1"]
[WhiteElo "1556"]
[BlackElo "1883"]
[PlyCount "120"]
[EventDate "2009.??.??"]
[WhiteTeam "Sfr. Frankfurt 1921"]
[BlackTeam "Kreuznacher SV 1921 e.V."]

1. d4 d5 2. Nf3 e6 3. Bf4 c5 4. e3 Nc6 5. c3 Nf6 6. Bd3 c4 7. Bc2 Be7 8. Nbd2
b5 9. Ne5 Nxe5 10. dxe5 Nd7 11. Qg4 Kf8 12. h4 h5 13. Qf3 Nc5 14. Rd1 Bb7 15.
Ne4 Nxe4 16. Bxe4 Qc7 17. Bc2 Rd8 18. Qg3 b4 19. Bg5 bxc3 20. bxc3 Bc6 21. Rd4
Rb8 22. Rf4 Rb2 23. Bg6 Be8 24. Qf3 Bc5 25. O-O a5 26. Bxh5 a4 27. Bg4 Qxe5 28.
Qg3 Bd6 29. Bd8 Rb8 30. Ba5 Ra8 31. Bb6 Qxc3 32. Bd4 Bxf4 33. Qxf4 Qb4 34. Bxe6
Rd8 35. Qg5 Rg8 36. Bxf7 Kxf7 37. Qxd8 Qb7 38. Qb6 Qxb6 39. Bxb6 Bb5 40. Rd1
Bc6 41. Kf1 Rb8 42. Bc5 Rb2 43. a3 c3 44. Bd4 c2 45. Rc1 Rb1 46. Bb2 Rxb2 47.
Ke2 d4 48. f3 Bb5+ 49. Kd2 d3 50. g4 Bc4 51. f4 Rb6 52. Kc3 Bb3 53. Kxd3 Rd6+
54. Kc3 Rd1 55. Kb2 Rd3 56. e4 Rd4 57. h5 Rxe4 58. g5 Rxf4 59. h6 gxh6 60. gxh6
Rh4 0-1

[Event "Frankfurt Ch 2009"]
[Site "Ffm-Kalbach, LAZ"]
[Date "2009.05.04"]
[Round "2.51"]
[White "Frank, Andreas"]
[Black "Schirmbeck, Markus"]
[Result "1-0"]
[WhiteElo "1824"]
[BlackElo "1562"]
[PlyCount "35"]
[EventDate "2009.??.??"]
[WhiteTeam "Biebertaler Sfr."]
[BlackTeam "SG Halle 1946/Künsebeck"]

1. e4 d5 2. exd5 Qxd5 3. Nc3 Qd6 4. d4 Nf6 5. Nf3 a6 6. Be2 e6 7. O-O b5 8. Ne5
Bb7 9. Bf4 Qb6 10. a4 Nd5 11. Nxd5 Bxd5 12. axb5 axb5 13. Rxa8 Bxa8 14. Qd3 b4
15. Ra1 Bb7 16. Nc4 Ba6 17. Nxb6 Bxd3 18. Bxd3 1-0

[Event "Frankfurt Ch 2009"]
[Site "Ffm-Kalbach, LAZ"]
[Date "2009.05.04"]
[Round "2.52"]
[White "Wilhelm, Andreas"]
[Black "Neumann, Manfred"]
[Result "1/2-1/2"]
[WhiteElo "1541"]
[BlackElo "1779"]
[PlyCount "109"]
[EventDate "2009.??.??"]
[WhiteTeam "SC 1933 Somborn"]
[BlackTeam "SC 1961 König Nied"]

1. e4 c5 2. Nc3 Nc6 3. g4 e6 4. Bg2 Be7 5. d3 d6 6. Be3 Nf6 7. g5 Nd7 8. Qd2
Nde5 9. h4 Nd4 10. Nce2 Ndc6 11. Nc3 Qc7 12. Nge2 a6 13. a4 b6 14. f4 Ng4 15.
Bg1 Bb7 16. Bf3 h5 17. Ng3 g6 18. Bxg4 hxg4 19. h5 gxh5 20. Rxh5 O-O-O 21. Qh2
Rhf8 22. O-O-O Kb8 23. Qe2 Nd4 24. Qxg4 Rc8 25. Nge2 e5 26. f5 Rg8 27. Be3 Bf6
28. Rdh1 Qd7 29. Kb1 b5 30. axb5 axb5 31. Rh6 Bg7 32. Rh7 b4 33. Nd5 Bxd5 34.
exd5 Nxe2 35. Qxe2 Qxf5 36. d4 exd4 37. Qb5+ Kc7 38. Rxg7 Qxd5 39. Qa5+ Kd7 40.
Qb5+ Ke7 41. Re1 Rxg7 42. Bxd4+ Kf8 43. Bxg7+ Kxg7 44. Qf1 Qxg5 45. Qf2 Kf8 46.
Qh2 Qf6 47. Rh1 Re8 48. Rd1 Re6 49. Qg2 Qg6 50. Qa8+ Kg7 51. Rh1 Kf6 52. Qf3+
Kg7 53. Qa8 Kf6 54. Qf3+ Ke7 55. Qb7+ 1/2-1/2